|
|
|
|
| LEADER |
00000cam a2200000 7i4500 |
| 001 |
0000083636 |
| 005 |
20190523.0 |
| 008 |
190523 |
| 020 |
|
|
|a 9789838220224
|
| 041 |
0 |
|
|a Malay
|
| 090 |
0 |
0 |
|a EZD
|b MAL
|
| 100 |
0 |
|
|a Ezdiani Abd Rahman
|
| 245 |
0 |
0 |
|a Cinta tersalah alamat
|c Ezdiani Abd Rahman
|
| 260 |
|
|
|a Selangor :
|b Sykt Fajar ,
|c 2018
|
| 300 |
|
|
|a 592p. ;
|c 18.5cm.
|
| 541 |
0 |
0 |
|c Purchased on 2019
|f 319/2019 BME
|h RM26.00
|
| 650 |
|
0 |
|a Malay fiction
|
| 999 |
|
|
|a 0001575950
|b Book
|c Adult Collection
|e Perbadanan Perpustakaan Awam Johor
|
| 999 |
|
|
|a 0001575951
|b Book
|c Adult Collection
|e Cawangan Urban Transformation Centre
|
| 999 |
|
|
|a 0001579637
|b Book
|c Adult Collection
|e Cawangan Segamat
|
| 999 |
|
|
|a 0001579638
|b Book
|c Adult Collection
|e Cawangan Mersing
|
| 999 |
|
|
|a 0001579639
|b Book
|c Adult Collection
|e Cawangan Taman Universiti
|
| 999 |
|
|
|a 0001579640
|b Book
|c Adult Collection
|e Cawangan Muar
|
| 999 |
|
|
|a 0001579641
|b Book
|c Adult Collection
|e Cawangan Kota Tinggi
|
| 999 |
|
|
|a 0001579642
|b Book
|c Adult Collection
|e Cawangan Bandar Tenggara
|
| 999 |
|
|
|a 0001579644
|b Book
|c Adult Collection
|e Cawangan Bukit Gambir
|
| 999 |
|
|
|a 0001579645
|b Book
|c Adult Collection
|e Cawangan Sri Merlong
|
| 999 |
|
|
|a 0001579646
|b Book
|c Adult Collection
|e Cawangan Bandar Penawar
|
| 999 |
|
|
|a 0001579647
|b Book
|c Adult Collection
|e Cawangan Pontian
|
| 999 |
|
|
|a 0001579648
|b Book
|c Adult Collection
|e Cawangan Taman Sri Lambak
|
| 999 |
|
|
|a 0001579649
|b Book
|c Adult Collection
|e Cawangan Tmn. Ungku Tun Aminah
|
| 999 |
|
|
|a 0001579650
|b Book
|c Adult Collection
|e Cawangan Tangkak
|